Metaphysics

Αποθηκεύτηκε σε:
Λεπτομέρειες βιβλιογραφικής εγγραφής
Κύριος συγγραφέας: Van Inwagen, Peter
Μορφή: Βιβλίο
Γλώσσα:English
Δημοσίευση: Oxford : Oxford University Press, 1993
Σειρά:Dimensions of philosophy series
Θέματα:
Ετικέτες: Προσθήκη ετικέτας
Δεν υπάρχουν, Καταχωρήστε ετικέτα πρώτοι!

MARC

LEADER 00000nam a2200000 i 4500
001 1/101845
008 960404s1993 eng d
020 |a 0-19-875140-0 
035 |l 10012269 
040 |a GR-MY-UA  |b gre  |e aacr 
041 0 |a eng 
082 0 |a 110 
100 1 |a Van Inwagen, Peter. 
245 1 0 |a Metaphysics /  |c Peter van Inwagen 
260 |a Oxford :   |b Oxford University Press,   |c 1993 
300 |a 222 p. 
490 1 |a Dimensions of philosophy series 
504 |a Includes bibliographical references and index 
650 0 0 |a Metaphysics. 
830 0 |a Dimensions of philosophy series 
852 |a INST  |b LESVOS  |e 19960404  |h 110 VAN  |p 005100010742  |q 005100010742  |t BK  |y 0 
909 |a Λ  |b 043482 
922 |a 1ΕΛΗ  |b 199512  |c 145/ΑΝΑΝΙΑΔΗΣ 
950 |a 145-1995-02-23